|
|
|
|
| LEADER |
00000nam0a2200000 4500 |
| 001 |
260237 |
| 005 |
20231101233447.0 |
| 035 |
|
|
|a (RuTPU)RU\TPU\book\283185
|
| 090 |
|
|
|a 260237
|
| 100 |
|
|
|a 20140514d1979 k y0rusy50 ca
|
| 101 |
1 |
|
|a rus
|c eng
|
| 102 |
|
|
|a RU
|
| 105 |
|
|
|a a z 001zy
|
| 200 |
1 |
|
|a Принципы симметрии в физике элементарных частиц
|e пер. с англ.
|f У. Гибсон, Б. Поллард
|
| 205 |
|
|
|a Изд. доп.
|
| 210 |
|
|
|a Москва
|c Атомиздат
|d 1979
|
| 215 |
|
|
|a 344 с.
|c ил.
|
| 320 |
|
|
|a Библиогр.: с. 333-337.
|
| 320 |
|
|
|a Алфавитно-предметный указатель: с. 338-341.
|
| 606 |
1 |
|
|a Элементарные частицы
|x Характерные свойства
|2 stltpush
|3 (RuTPU)RU\TPU\subj\21127
|9 46166
|
| 610 |
1 |
|
|a физика
|
| 610 |
1 |
|
|a квантовая механика
|
| 610 |
1 |
|
|a инвариантность
|
| 610 |
1 |
|
|a конечные повороты
|
| 610 |
1 |
|
|a преобразование Лоренца
|
| 610 |
1 |
|
|a спины
|
| 610 |
1 |
|
|a спин
|
| 610 |
1 |
|
|a безмассовые частицы
|
| 610 |
1 |
|
|a пион-нуклонное рассеяние
|
| 610 |
1 |
|
|a четность
|
| 610 |
1 |
|
|a время
|
| 610 |
1 |
|
|a обращение
|
| 610 |
1 |
|
|a зарядовая независимость
|
| 610 |
1 |
|
|a зарядовое сопряжение
|
| 610 |
1 |
|
|a мезоны
|
| 610 |
1 |
|
|a адронные распады
|
| 610 |
1 |
|
|a симметрия
|
| 610 |
1 |
|
|a декуплеты
|
| 610 |
1 |
|
|a кварки
|
| 610 |
1 |
|
|a сечения
|
| 610 |
1 |
|
|a элементы
|
| 610 |
1 |
|
|a матрица плотности
|
| 610 |
1 |
|
|a коэффициенты Клебыша-Гордана
|
| 610 |
1 |
|
|a коэффициенты Клебша-Гордона
|
| 675 |
|
|
|a 539.121
|v 3
|
| 700 |
|
1 |
|a Гибсон
|b У.
|
| 701 |
|
1 |
|a Поллард
|b Б.
|
| 801 |
|
1 |
|a RU
|b 63413507
|c 20140514
|
| 801 |
|
2 |
|a RU
|b 63413507
|c 20180926
|g RCR
|
| 942 |
|
|
|c BK
|